000 01594nam0a2200349 i 4500
001 RU\NLR\BIBL_A\011144853
005 20240921123238.0
010 _a9785439612260
_93000
021 _aRU
_b2016-40048
_92562
035 _a(NILC)RuMoRGB-008489700
035 _a(NLR Aleph) 011144853
090 _a11638706
_c11638706
100 _a20160602d2016 k y0rusy50 ca
101 0 _arus
102 _aRU
105 _ay|||z|||000yy
200 1 _aЗащита прокурором жилищных прав граждан - участников долевого строительства многоквартирных домов
_eнаучно-практический комментарий
_fТ. Е. Сушина
210 _aМосква
_cЮрлитинформ
_d2016
215 _a150, [2] с.
_d22
225 1 _aПрокурорский надзор
320 _aБиблиогр.: с. 143-149 и в подстроч. примеч.
606 1 _aЖилищное строительство
_xДоговоры долевого участия
_yРоссийская Федерация
_92397980
_3RU\NLR\AUTH\661429613
606 1 _aЖилищные дела
_xСудебное рассмотрение
_xУчастие прокурора
_yРоссийская Федерация
_92262395
_3RU\NLR\AUTH\661356430
686 1 _aХ623.201
686 1 _aХ629.218.99
686 1 _aХ629.123
700 1 _aСушина
_bТ. Е.
_gТатьяна Евгеньевна
801 0 _aRU
_bРГБ
_c20160517
_gRCR
942 _cBOOK
980 _aNBR